000 00716cam a2200253Mi 4500
001 92547
005 20230411090050.0
008 080516s2003 nyu 000 0 eng d
035 _a(OCoLC)ocn645261925
040 _aESSAL
_bspa
_cESSAL
020 _a9780195159646 (rúst.)
020 _a0195159640 (rúst.)
035 _a(OCoLC)645261925
049 _aGRAL
245 0 0 _aWhat is an emotion? :
_bclassic and contemporary readings /
_cedited by Robert C. Solomon.
250 _a2nd ed.
260 _aNew York ;
_aOxford :
_bOxford University Press,
_c2003.
300 _ax, 305 p.
650 0 4 _aEmociones.
700 1 _aSolomon, Robert C.
942 _2lcc
_cbk
946 _amfcruz
994 _aC0
_bDRFGD
999 _c111864
_d111864